| 000 | 01836nam a2200385 a 4500 | ||
|---|---|---|---|
| 001 | ebr10520061 | ||
| 003 | CaPaEBR | ||
| 006 | m u | ||
| 007 | cr cn||||||||| | ||
| 008 | 071016s2008 flua s 001 0 eng d | ||
| 010 | _z 2007043057 | ||
| 020 | _z9781932159967 (hardcover alk. paper) | ||
| 020 | _z1932159967 (hardcover alk. paper) | ||
| 020 | _z9781604277104 (e-book) | ||
| 040 |
_aCaPaEBR _cCaPaEBR |
||
| 035 | _a(OCoLC)719388608 | ||
| 041 | 1 |
_aeng _hger |
|
| 050 | 1 | 4 |
_aNA2790 _b.K5913 2008eb |
| 082 | 0 | 4 |
_a720.22 _222 |
| 100 | 1 | _aKnoll, Wolfgang. | |
| 240 | 1 | 0 |
_aArchitektur-Modelle. _lEnglish |
| 245 | 1 | 0 |
_aArchitectural models _h[electronic resource] : _bconstruction techniques / _cWolfgang Knoll, Martin Hechinger ; with photographs by Hans-Joachim Heyer and Boris Miklautsch. |
| 250 | _a2nd ed. | ||
| 260 |
_aFt. Lauderdale, Fla. : _bJ. Ross Pub., _cc2008. |
||
| 300 |
_a142 p. : _bill. (some col.) |
||
| 500 | _aIncludes indexes. | ||
| 500 | _a"Originally published as Architektur-Modelle, c2006 Deutsche Verlags-Anstalt, Munich"--T.p. verso. | ||
| 505 | 0 | _aModel typology -- Material and equipment -- The work space -- Preparing for work -- Making the parts -- Objects that enhance scale -- Making CNC models -- The use of color in models -- Examples of finished models -- The architectural model as a design problem -- Model photography. | |
| 533 |
_aElectronic reproduction. _bPalo Alto, Calif. : _cebrary, _d2012. _nAvailable via World Wide Web. _nAccess may be limited to ebrary affiliated libraries. |
||
| 650 | 0 |
_aArchitectural models _xTechnique. |
|
| 655 | 7 |
_aElectronic books. _2local |
|
| 700 | 1 | _aHechinger, Martin. | |
| 710 | 2 | _aebrary, Inc. | |
| 856 | 4 | 0 |
_uhttp://site.ebrary.com/lib/rucke/Doc?id=10520061 _zAn electronic book accessible through the World Wide Web; click to view |
| 999 |
_c140872 _d140872 |
||